00816nam a22002177a 450000500170000001000150001702000260003203500140005803700090007208200130008124500920009425000060018626000390019227000900023130000200032170000330034170000250037494200240039999900190042395201560044220260212115207.0 aENG-147828 a9789391657987c695.00 aEN-131360 bDBAD a891.421 aIndian English Literature in Contemporary Context/cEdited By Subhash Singh [and] Neena a1 aNew DelhibAryan Publicationc2025 a110,Gali no.4, Harphool Vihar,BapraulabNew Delhie110043maryanpublication@gmail.com a218p.c22cm(hb) aSubhash SingheEditor987329 aNeenaeEditor987330 2ddccENh891.4mIND c214829d214829 001040708NFICaBL1bBL1d2026-02-12eDelivery of Books Act Divisiong695.00l0o891.4 INDpEN-131360r2026-02-12 00:00:00t1v695.00w2026-02-12yEN